| 000 | 00445nam a2200181Ia 4500 | ||
|---|---|---|---|
| 005 | 20250809140646.0 | ||
| 008 | 191130s2002##################000#0#eng## | ||
| 020 | _a9781841491103 | ||
| 082 | _a823.914 HOL | ||
| 100 | _aHolt, Tom | ||
| 245 |
_aFalling sideways _cTom Holt |
||
| 250 | _a1st ed | ||
| 260 |
_aLondon _bOrbit _c2002 |
||
| 300 | _a406 p. ; 20 cm | ||
| 650 | _aFantasy fiction | ||
| 650 | _aHumorous stories | ||
| 942 | _cENGLISH | ||
| 999 |
_c181294 _d181294 |
||